Desarrollo de la personalidad en el niño

Saved in:
Bibliographic Details
Main Authors: Mussen, Paul Henry (autor), Conger, John Janeway (Author), Kagan, Jerome (Author)
Format: Book
Language:Spanish
Published: Ciudad de México Trillas 1971
Series:Biblioteca técnica de psicología
Subjects:
Tags: Add Tag
No Tags, Be the first to tag this record!

MARC

LEADER 00000nam a2200000 a 4500
001 UCZ0506
003 CL-VaPUC
008 950728e19710100MX |||||||||||||||||spa|d
082 0 4 |a 155.418  |b MUS  |2 21 
100 |a Mussen, Paul Henry  |e autor  |9 343403 
700 0 |a Conger, John Janeway  |e author  |9 343404 
700 0 |a Kagan, Jerome  |e author  |9 343405 
245 1 0 |a Desarrollo de la personalidad en el niño 
300 |a 878 p 
942 |c BK 
945 |d 19950728 00:00:00  |a cmena 
260 |a Ciudad de México  |b Trillas  |c 1971 
650 0 |a Psicología del niño  |9 307305 
650 0 |a Psicología del desarrollo  |9 307541 
650 0 |a Desarrollo individual   |9 307875 
650 0 |a Procesos de aprendizaje  |9 309161 
650 0 |a Desarrollo del lenguaje   |9 311270 
650 0 |a Desarrollo mental   |9 313003 
650 0 |a Desarrollo motor   |9 313002 
650 0 |a Personalidad   |9 307255 
650 0 |a Adolescencia  |9 307361 
583 |a last modification  |c 19950728 00:00:00  |k Rodrigo Vera 
490 0 |a Biblioteca técnica de psicología 
999 |c 237427  |d 237425 
952 |0 0  |1 0  |4 0  |6 155_418000000000000_MUS_1971  |7 0  |8 R  |9 246486  |a BIBEDU  |b BIBEDU  |d 2019-11-18  |i 154456K  |o 155.418 MUS 1971  |p 154456K  |r 2019-11-18  |w 2019-11-18  |y BK_R  |k EDU 
952 |0 0  |1 0  |4 0  |6 155_418000000000000_MUS_1971  |7 0  |8 A  |9 246487  |a BIBGIM  |b BIBGIM  |d 2019-11-18  |i 3363929  |o 155.418 MUS 1971  |p 3363929  |r 2025-01-15  |w 2019-11-18  |y BK  |k SSL 
952 |0 0  |1 0  |4 0  |6 155_418000000000000_MUS_1971  |7 0  |8 A  |9 246488  |a BIBGIM  |b BIBGIM  |d 2019-11-18  |i 3363767  |o 155.418 MUS 1971  |p 3363767  |r 2025-01-15  |w 2019-11-18  |y BK  |k SSL 
952 |0 0  |1 0  |4 0  |6 155_418000000000000_MUS_1971  |7 0  |8 A  |9 246489  |a FDOPOS  |b FDOPOS  |d 2019-11-18  |i 4317270  |o 155.418 MUS 1971  |p 4317270  |r 2025-01-22  |w 2019-11-18  |y BK  |k MLA